00595nam a2200193Ia 4500008004100000100002100041245005200062245002000114260000800134260000900142300003300151440005700184650001700241650001700258650002300275650001200298999001900310952007200329180910s9999 xx 000 0 und d aSmith, Eliot, R. aJournal of Personalilty and Social Psychology / cEliot R. Smith. bUSA c2017 apages 835-986, December 2017 aJournal of Personalilty and Social Psychologyv113:6 aPeriodicals. aPersonality. aSocial Psychology. aTraits. c358730d358730 001040aCLbCLd2018-09-10l0r2018-09-10 00:00:00w2018-09-10ySE